[Event "Tata Steel Challengers"]
[Site "Wijk aan Zee NED"]
[Date "2026.01.18"]
[Round "2.4"]
[White "Panesar, Vedant"]
[Black "Lu, Miaoyi"]
[Result "0-1"]
[WhiteTitle "FM"]
[BlackTitle "IM"]
[WhiteElo "2406"]
[BlackElo "2431"]
[WhiteFideId "35033018"]
[BlackFideId "8618020"]
[EventDate "2026.01.17"]

1. d4 Nf6 2. c3 b6 3. Bg5 Bb7 4. Nd2 d6 5. Qc2 e6 6. e4 h6 7. Bh4 Be7 8. Bd3 a6
9. Ne2 c5 10. O-O g5 11. Bg3 h5 12. f4 Ng4 13. Rf3 h4 14. Be1 gxf4 15. Nxf4 Bg5
16. Nf1 Nd7 17. Qe2 cxd4 18. cxd4 Qf6 19. e5 Ngxe5 20. dxe5 Nxe5 21. Be4 Nxf3+
22. Bxf3 Bxf3 23. Qxf3 Rc8 24. Qb7 O-O 25. Nh3 Qxb2 26. Rd1 Qe2 27. Rb1 Rc2 28.
Bf2 Rfc8 29. Re1 Qb5 30. a4 Qa5 31. Qf3 R2c4 32. Rd1 Be7 33. Bd4 e5 34. Ne3 Rc1
35. Nf5 Bf6 36. Nxd6 Rxd1+ 37. Qxd1 Rd8 38. Nb7 Rxd4 39. Qf1 Qd2 40. Nf2 Qe3 0-1

[Event "Tata Steel Challengers"]
[Site "Wijk aan Zee NED"]
[Date "2026.01.19"]
[Round "3.1"]
[White "L'Ami, Erwin"]
[Black "Yuffa, Daniil"]
[Result "0-1"]
[WhiteTitle "GM"]
[BlackTitle "GM"]
[WhiteElo "2634"]
[BlackElo "2604"]
[WhiteFideId "1007998"]
[BlackFideId "24131423"]
[EventDate "2026.01.17"]

1. e4 c5 2. Nf3 e6 3. d4 cxd4 4. Nxd4 a6 5. Bd3 Bc5 6. Nb3 Ba7 7. Qe2 Ne7 8. Be3
O-O 9. N1d2 Nbc6 10. h4 Nb4 11. h5 h6 12. a3 Bxe3 13. Qxe3 Nxd3+ 14. cxd3 e5 15.
Nc4 d6 16. Qb6 Be6 17. Nbd2 Nc6 18. Qxd8 Raxd8 19. Ne3 d5 20. Rc1 Nd4 21. f3 b5
22. Kf2 Rd7 23. Nb1 Rfd8 24. Rhe1 Nb3 25. Rc6 dxe4 26. dxe4 a5 27. Kg3 b4 28.
axb4 axb4 29. Rb6 Nc5 30. Rb5 Nd3 31. Rd1 Bb3 32. Rh1 Ba2 33. Nd2 Nxb2 34. Ra1
Be6 35. Ndf1 Nd3 36. Nh2 b3 37. Nhg4 b2 38. Rb1 f6 39. Nf2 Ba2 40. Nxd3 Bxb1 41.
Nxb2 Ba2 42. Na4 Bf7 43. Nc5 Ra7 44. Kg4 Ra2 0-1

[Event "Tata Steel Challengers"]
[Site "Wijk aan Zee NED"]
[Date "2026.01.19"]
[Round "3.2"]
[White "Lu, Miaoyi"]
[Black "Woodward, Andy"]
[Result "0-1"]
[WhiteTitle "IM"]
[BlackTitle "GM"]
[WhiteElo "2431"]
[BlackElo "2608"]
[WhiteFideId "8618020"]
[BlackFideId "30953499"]
[EventDate "2026.01.17"]

1. e4 e5 2. Nf3 Nc6 3. Bc4 Nf6 4. d3 Bc5 5. Nc3 a6 6. Nd5 Nxd5 7. Bxd5 d6 8. c3
O-O 9. O-O Qf6 10. h3 h6 11. Bb3 Ne7 12. d4 Bb6 13. Be3 Ng6 14. Re1 Re8 15. Nh2
Ba7 16. Qh5 exd4 17. Bxd4 Bxd4 18. cxd4 Be6 19. e5 dxe5 20. dxe5 Qe7 21. Bc2 Nf8
22. Be4 Qb4 23. b3 Rad8 24. Ng4 Bxg4 25. Qxg4 Rd4 26. a3 Qb6 27. Rad1 Rxd1 28.
Qxd1 Ne6 29. b4 Rd8 30. Qe2 a5 31. Qe3 Nd4 32. bxa5 Qxa5 33. Rd1 Qa4 34. Rd2 b6
35. f4 c5 36. f5 Re8 37. f6 Qb3 38. Rd3 Qe6 39. fxg7 Kxg7 40. Qg3+ Kf8 41. Qh4
Re7 42. Re3 Ke8 43. Ba8 Nf5 44. Qa4+ Kf8 45. Re1 Nd4 46. Re3 Qf5 47. Bc6 Qg5 48.
Re1 Rxe5 49. Rf1 Kg7 50. Qc4 Rf5 51. Rxf5 Qxf5 52. Bd5 Qe5 53. a4 h5 54. Kf1 Qe3
55. Qa2 Nf5 56. Qb2+ f6 57. g4 Qxh3+ 58. Kf2 Qg3+ 0-1

[Event "Tata Steel Challengers"]
[Site "Wijk aan Zee NED"]
[Date "2026.01.19"]
[Round "3.3"]
[White "Roebers, Eline"]
[Black "Suleymanli, Aydin"]
[Result "0-1"]
[WhiteTitle "IM"]
[BlackTitle "GM"]
[WhiteElo "2398"]
[BlackElo "2628"]
[WhiteFideId "1058401"]
[BlackFideId "13413937"]
[EventDate "2026.01.17"]

1. e4 c6 2. Nc3 d5 3. Qf3 dxe4 4. Nxe4 Nd7 5. d4 Ndf6 6. c3 Nxe4 7. Qxe4 Nf6 8.
Qe2 Bg4 9. Qe3 e6 10. Nf3 Nd5 11. Qe2 Qf6 12. h3 Bxf3 13. Qxf3 Qxf3 14. gxf3 Bd6
15. Be3 O-O-O 16. O-O-O Bc7 17. Kc2 Rd7 18. Bc4 Ne7 19. Rhg1 g6 20. Bd3 Rd5 21.
Rg5 Rd7 22. Rgg1 a6 23. a3 Re8 24. Rde1 Nd5 25. Bc4 Nf6 26. Re2 Nh5 27. Bd2 Bd6
28. Rge1 Be7 29. Re5 Ng7 30. Bd3 Red8 31. Bh6 Bf6 32. Rc5 Ne8 33. Bf4 Be7 34.
Ra5 c5 35. Bb5 Rd5 36. Rxa6 Nc7 37. Bxc7 Kxc7 38. Ra4 cxd4 39. Bd3 dxc3 40. Rc4+
Kb8 41. Rxc3 R8d7 42. Rb3 Bf6 43. Rd1 Rc5+ 44. Kd2 Rh5 45. Ke2 Rhd5 46. Rd2 Bg5
47. Rc2 f5 48. Rc4 Re5+ 49. Kd1 Be7 50. Rc2 Bf6 51. Rd2 Kc7 52. Re2 Red5 53.
Rc2+ Kd8 54. Ke2 Bd4 55. Rb5 R5d6 56. Ra5 Ke7 57. Ra8 Kf6 58. b4 Rd5 59. Rac8
Be5 60. Bc4 Rd1 61. Re8 Bf4 62. Rxe6+ Kg5 63. Bb5 R7d5 64. Re7 Rh1 65. Bd3 Rxh3
66. a4 Rh1 67. b5 Bd6 68. f4+ Bxf4 69. a5 Bd6 70. Rxb7 Re5+ 71. Kf3 Rh3+ 72. Kg2
Rxd3 73. Ra2 f4 74. f3 Kh6 75. a6 Rg5+ 76. Kh2 Rxf3 77. a7 Rh5+ 78. Kg2 Rg3+ 79.
Kf1 Rh1+ 80. Ke2 Rh2+ 0-1

[Event "Tata Steel Challengers"]
[Site "Wijk aan Zee NED"]
[Date "2026.01.19"]
[Round "3.4"]
[White "Ivic, Velimir"]
[Black "Ivanchuk, Vasyl"]
[Result "0-1"]
[WhiteTitle "GM"]
[BlackTitle "GM"]
[WhiteElo "2638"]
[BlackElo "2605"]
[WhiteFideId "950122"]
[BlackFideId "14100010"]
[EventDate "2026.01.17"]

1. e4 e5 2. Nf3 Nf6 3. d4 Nxe4 4. Bd3 d5 5. Nxe5 Nd7 6. Nc3 Nxe5 7. dxe5 Nxc3 8.
bxc3 Bc5 9. Qh5 g6 10. Qh6 Bf8 11. Qe3 Be7 12. Rb1 b6 13. O-O c6 14. Qe2 h5 15.
Be3 Be6 16. f4 Qd7 17. Bd4 Rg8 18. a4 Bg4 19. Qf2 Qe6 20. Ba6 Kf8 21. h3 Bf5 22.
Rbd1 Rd8 23. Qe2 c5 24. Be3 Kg7 25. Rd2 c4 26. Bd4 Rd7 27. Ra1 Rb8 28. Qf2 Kg8
29. Rdd1 Be4 30. Rdb1 Qf5 31. Rb2 Rdd8 32. Rf1 Qd7 33. Ra2 Qc7 34. Raa1 Rf8 35.
Rae1 Bf5 36. g4 hxg4 37. hxg4 Bxg4 38. Qg2 Bf5 39. e6 Bc5 40. e7 Rfe8 41. Re5
Be4 42. Rxe4 dxe4 43. f5 Rxe7 44. fxg6 f6 45. Rxf6 Bxd4+ 46. cxd4 e3 47. Kf1 Rf8
48. Rxf8+ Kxf8 49. Ke2 Kg7 50. Qh3 Qf4 51. Qh7+ Kf6 52. Qh8+ Kg5 0-1

[Event "Tata Steel Challengers"]
[Site "Wijk aan Zee NED"]
[Date "2026.01.19"]
[Round "3.5"]
[White "Maurizzi, MarcAndria"]
[Black "Yip, Carissa"]
[Result "1-0"]
[WhiteTitle "GM"]
[BlackTitle "IM"]
[WhiteElo "2611"]
[BlackElo "2466"]
[WhiteFideId "36083534"]
[BlackFideId "2090732"]
[EventDate "2026.01.17"]

1. e4 e5 2. Nc3 Nc6 3. a3 Nf6 4. d3 d5 5. Bg5 dxe4 6. dxe4 Be7 7. Bb5 O-O 8.
Bxc6 bxc6 9. Nf3 Nd7 10. Bxe7 Qxe7 11. O-O a5 12. Qd2 Nc5 13. Qe3 f6 14. Rfd1
Rb8 15. b3 Bg4 16. Ne2 Rfd8 17. h3 Bh5 18. Ng3 Bg6 19. Nf5 Bxf5 20. exf5 Rd5 21.
Qc3 Qd6 22. Rxd5 cxd5 23. Qxa5 d4 24. Qe1 Qd7 25. Qe2 Qd5 26. Nd2 d3 27. cxd3
Nxb3 28. Rb1 Rb6 29. Qh5 h6 30. Ne4 Qf7 31. Qxf7+ Kxf7 32. g4 Ke7 33. Kg2 Nd4
34. Rc1 c6 35. a4 Ne2 36. Ra1 Nf4+ 37. Kh2 Nxd3 38. a5 Ra6 39. Ra3 Nf4 40. h4
Nd5 41. Kg3 Ra7 42. Kf3 Nb6 43. Ke2 Nc4 44. Ra4 Nb6 45. Ra1 Nc4 46. a6 Nd6 47.
Nc5 h5 48. f3 Nb5 49. Kd3 Nc7 50. gxh5 Nd5 51. Rb1 Nf4+ 52. Kc4 Kd6 53. Rb7 Rxb7
54. axb7 Kc7 55. Ne6+ 1-0

[Event "Tata Steel Challengers"]
[Site "Wijk aan Zee NED"]
[Date "2026.01.19"]
[Round "3.6"]
[White "Warmerdam, Max"]
[Black "Panesar, Vedant"]
[Result "1-0"]
[WhiteTitle "GM"]
[BlackTitle "FM"]
[WhiteElo "2576"]
[BlackElo "2406"]
[WhiteFideId "1048104"]
[BlackFideId "35033018"]
[EventDate "2026.01.17"]

1. e4 e5 2. d4 exd4 3. Qxd4 Nc6 4. Qc4 Nf6 5. Nc3 Bb4 6. Bd2 O-O 7. O-O-O Re8 8.
f3 d6 9. Qe2 Be6 10. a3 a5 11. Nh3 Ne5 12. Nf4 Bc4 13. Qe1 b5 14. Nxb5 Qb8 15.
Bxb4 Qxb5 16. Bc3 a4 17. Nd5 Nxd5 18. Rxd5 Qc6 19. Bxc4 Qxc4 20. Kb1 Rab8 21.
Bxe5 dxe5 22. Qe3 Re6 23. Rhd1 h6 24. Qd3 Qc6 25. Rd8+ Re8 26. Rxe8+ Qxe8 27.
Qd7 Qf8 28. Qxc7 Qe8 29. Qd7 Qf8 30. Qxa4 Qc5 31. Qd7 Qb6 32. b3 Ra8 33. a4 Qg6
34. Rd2 Qb6 35. h3 1-0

[Event "Tata Steel Challengers"]
[Site "Wijk aan Zee NED"]
[Date "2026.01.19"]
[Round "3.7"]
[White "Assaubayeva, Bibisara"]
[Black "Oro, Faustino"]
[Result "1/2-1/2"]
[WhiteTitle "GM"]
[BlackTitle "IM"]
[WhiteElo "2497"]
[BlackElo "2516"]
[WhiteFideId "13708694"]
[BlackFideId "20000197"]
[EventDate "2026.01.17"]

1. d4 Nf6 2. c4 e6 3. Nf3 d5 4. Nc3 dxc4 5. e4 b5 6. e5 Nd5 7. Nxb5 Nb6 8. Be2
Nc6 9. O-O Be7 10. Rb1 Bb7 11. b3 cxb3 12. Rxb3 a6 13. Nc3 Rb8 14. Re1 Qd7 15.
Bd3 Rd8 16. Be4 Na5 17. Bxb7 Nxb7 18. d5 Nc5 19. d6 Nxb3 20. Qxb3 cxd6 21. Qxb6
O-O 22. Qxa6 dxe5 23. h4 Qd3 24. Qxd3 Rxd3 25. Ne4 f6 26. Be3 Ra3 27. Rb1 Rxa2
28. Rb7 Re8 29. Bc5 Bxc5 30. Nxc5 Rc2 31. Ne4 Rcc8 32. h5 Rb8 33. Ra7 Ra8 34.
Rb7 Rab8 35. Ra7 Ra8 36. Rb7 Rab8 1/2-1/2

[Event "Tata Steel Challengers"]
[Site "Wijk aan Zee NED"]
[Date "2026.01.24"]
[Round "7.1"]
[White "Assaubayeva, Bibisara"]
[Black "Ivic, Velimir"]
[Result "1/2-1/2"]
[WhiteTitle "GM"]
[BlackTitle "GM"]
[WhiteElo "2497"]
[BlackElo "2638"]
[WhiteFideId "13708694"]
[BlackFideId "950122"]
[EventDate "2026.01.17"]

1. d4 Nf6 2. c4 e6 3. Nf3 b6 4. a3 Bb7 5. Nc3 Ne4 6. Nxe4 Bxe4 7. h4 h6 8. d5
Qf6 9. Nd2 exd5 10. Nxe4 dxe4 11. Qd5 Nc6 12. Qxe4+ Qe6 13. Qxe6+ dxe6 14. Bd2
Nd4 15. O-O-O Nb3+ 16. Kc2 Nxd2 17. Rxd2 Rd8 18. Rxd8+ Kxd8 19. g3 Bc5 20. e3 a5
21. Bg2 Ke7 22. Rd1 Rd8 23. Rxd8 Kxd8 24. Bc6 Ke7 25. Kd3 Kd6 26. Be8 Ke7 27.
Bc6 Kd6 28. Be8 Ke7 29. Bc6 Kd6 1/2-1/2

[Event "Tata Steel Challengers"]
[Site "Wijk aan Zee NED"]
[Date "2026.01.24"]
[Round "7.2"]
[White "L'Ami, Erwin"]
[Black "Yip, Carissa"]
[Result "1/2-1/2"]
[WhiteTitle "GM"]
[BlackTitle "IM"]
[WhiteElo "2634"]
[BlackElo "2466"]
[WhiteFideId "1007998"]
[BlackFideId "2090732"]
[EventDate "2026.01.17"]

1. d4 Nf6 2. c4 e6 3. Nf3 Bb4+ 4. Bd2 Qe7 5. g3 Bxd2+ 6. Qxd2 Nc6 7. Nc3 d5 8.
Ne5 dxc4 9. Bg2 Nxe5 10. dxe5 Nd7 11. f4 Nb6 12. O-O Rb8 13. a4 a5 14. Ne4 Bd7
15. Qxa5 Ra8 16. Nd6+ cxd6 17. Qxb6 d5 18. e4 dxe4 19. Bxe4 O-O 20. a5 Rab8 21.
Rac1 Rfc8 22. Rfd1 Ba4 23. Rd6 g6 24. Qb4 Bc6 25. Rxc4 Bxe4 26. Rxe4 Rc1+ 27.
Kf2 Qc7 28. Rd2 Rd8 29. Rxd8+ Qxd8 30. Rd4 Qc7 31. Kg2 Kg7 32. Kh3 h5 33. Rd2
Rc5 34. Rd7 Qxd7 35. Qxc5 Qd3 36. b4 Qf1+ 37. Kh4 Qd1 38. Kh3 Qf1+ 39. Kh4 Qd1
40. Kh3 Qf1+ 1/2-1/2

[Event "Tata Steel Challengers"]
[Site "Wijk aan Zee NED"]
[Date "2026.01.24"]
[Round "7.3"]
[White "Panesar, Vedant"]
[Black "Oro, Faustino"]
[Result "1/2-1/2"]
[WhiteTitle "FM"]
[BlackTitle "IM"]
[WhiteElo "2406"]
[BlackElo "2516"]
[WhiteFideId "35033018"]
[BlackFideId "20000197"]
[EventDate "2026.01.17"]

1. e4 c5 2. Nf3 d6 3. d4 cxd4 4. Nxd4 Nf6 5. Nc3 a6 6. Be3 e5 7. Nb3 Be6 8. f3
h5 9. Qd2 Nbd7 10. O-O-O Rc8 11. Kb1 Be7 12. h3 h4 13. f4 b5 14. Bd3 b4 15. Nd5
Bxd5 16. exd5 Nxd5 17. Bxa6 Nxe3 18. Qxe3 Rb8 19. Rhe1 Qb6 20. Qxb6 Rxb6 21.
fxe5 dxe5 22. Bc4 f5 23. Rd5 Rd6 24. Red1 Rhh6 25. Bb5 Rxd5 26. Rxd5 Rd6 27.
Rxe5 Rd1+ 28. Nc1 g6 29. c4 bxc3 30. Re3 Kd8 31. Rd3 Rxd3 32. Nxd3 cxb2 33. Kxb2
Ne5 34. Nxe5 Bf6 35. Kc3 Bxe5+ 36. Kc4 g5 37. Kd5 Bf4 38. Bd3 Kc7 39. Bxf5 Kb6
40. Be4 Ka7 1/2-1/2

[Event "Tata Steel Challengers"]
[Site "Wijk aan Zee NED"]
[Date "2026.01.24"]
[Round "7.4"]
[White "Woodward, Andy"]
[Black "Suleymanli, Aydin"]
[Result "1/2-1/2"]
[WhiteTitle "GM"]
[BlackTitle "GM"]
[WhiteElo "2608"]
[BlackElo "2628"]
[WhiteFideId "30953499"]
[BlackFideId "13413937"]
[EventDate "2026.01.17"]

1. d4 Nf6 2. c4 e6 3. g3 d5 4. Bg2 Bb4+ 5. Bd2 Be7 6. Nf3 c6 7. Qc2 Nbd7 8. O-O
Ne4 9. Nc3 Nxd2 10. Nxd2 O-O 11. Rfd1 Rb8 12. a3 a5 13. e4 dxe4 14. Qxe4 b5 15.
c5 Nf6 16. Qf4 Bd7 17. Nf3 Nd5 18. Qd2 Qc7 19. Re1 b4 20. Nxd5 cxd5 21. b3 bxa3
22. Rxa3 Rb4 23. Rea1 Rfb8 24. Rxa5 Rxb3 25. Ra7 R3b7 26. Rxb7 Qxb7 27. h4 Qc7
28. Bf1 Bf6 29. Qe3 h5 30. Ra6 Bc8 31. Ra4 Bd7 32. Ra6 Bc8 33. Ra4 Bd7 1/2-1/2

[Event "Tata Steel Challengers"]
[Site "Wijk aan Zee NED"]
[Date "2026.01.24"]
[Round "7.5"]
[White "Lu, Miaoyi"]
[Black "Ivanchuk, Vasyl"]
[Result "0-1"]
[WhiteTitle "IM"]
[BlackTitle "GM"]
[WhiteElo "2431"]
[BlackElo "2605"]
[WhiteFideId "8618020"]
[BlackFideId "14100010"]
[EventDate "2026.01.17"]

1. e4 c5 2. Nc3 Nc6 3. Bb5 Nd4 4. Nf3 e6 5. O-O a6 6. Bd3 Nc6 7. Nd5 Nge7 8. Re1
d6 9. Ne3 Ng6 10. c3 Be7 11. Bc2 Nge5 12. Nxe5 dxe5 13. a4 Rb8 14. g3 b5 15. Qe2
O-O 16. h4 f5 17. axb5 axb5 18. Qh5 f4 19. Nd5 Bd6 20. d4 fxg3 21. fxg3 cxd4 22.
Bg5 Qe8 23. Qxe8 Rxe8 24. Bb3 Kh8 25. Nb4 Nxb4 26. cxb4 Bxb4 27. Rf1 Bb7 28. Bc2
h6 29. Bc1 Ra8 30. Rxa8 Rxa8 31. Bd3 Kg8 32. h5 Be7 33. Kf2 Kf7 34. Ke2+ Bf6 35.
Bd2 Ra2 36. Rb1 Ke7 37. Bb4+ Kd8 38. Bd2 Kc7 39. Bb4 Bc6 40. Bd2 Be7 41. g4 Kb6
42. Kf3 Be8 43. Ke2 b4 44. Be1 b3 45. Bg3 Bd6 46. Bc4 Bb5 47. Kd3 Ra7 48. Bh4
Rf7 49. Bd8+ Kc5 50. Bxb5 Kxb5 51. g5 Rf8 52. gxh6 gxh6 53. Bh4 Rf3+ 54. Ke2
Re3+ 55. Kf2 Rxe4 56. Bg3 Rg4 57. Ra1 Rg5 58. Ra8 Bc5 0-1

[Event "Tata Steel Challengers"]
[Site "Wijk aan Zee NED"]
[Date "2026.01.25"]
[Round "8.1"]
[White "Yip, Carissa"]
[Black "Suleymanli, Aydin"]
[Result "0-1"]
[WhiteTitle "IM"]
[BlackTitle "GM"]
[WhiteElo "2466"]
[BlackElo "2628"]
[WhiteFideId "2090732"]
[BlackFideId "13413937"]
[EventDate "2026.01.17"]

1. e4 c5 2. Nf3 Nc6 3. d4 cxd4 4. Nxd4 e5 5. Nb5 d6 6. c4 g6 7. Be2 Be6 8. O-O
a6 9. N5c3 Bg7 10. Nd5 Nf6 11. Nbc3 Nd4 12. Bd3 Nd7 13. Ne2 O-O 14. Nxd4 exd4
15. Nf4 Re8 16. b3 Nc5 17. Bb2 Bd7 18. Nd5 Bc6 19. Qf3 Rc8 20. Rad1 b5 21. Rfe1
Bxd5 22. cxd5 Qa5 23. Bb1 d3 24. Bxg7 Kxg7 25. Bxd3 Qxa2 26. b4 Na4 27. Qg3 Nb2
28. Rd2 Qb3 29. Bf1 Qxb4 30. Qf4 Na4 31. h4 Re5 32. f3 Nc3 33. Rc1 Nxe4 34. h5
Rxc1 35. h6+ Kf8 36. fxe4 Rf5 0-1

[Event "Tata Steel Challengers"]
[Site "Wijk aan Zee NED"]
[Date "2026.01.25"]
[Round "8.2"]
[White "Oro, Faustino"]
[Black "Woodward, Andy"]
[Result "0-1"]
[WhiteTitle "IM"]
[BlackTitle "GM"]
[WhiteElo "2516"]
[BlackElo "2608"]
[WhiteFideId "20000197"]
[BlackFideId "30953499"]
[EventDate "2026.01.17"]

1. e4 e5 2. Nf3 Nc6 3. Bb5 a6 4. Ba4 Nf6 5. O-O Bc5 6. c3 b5 7. Bb3 d6 8. a4 Bb7
9. d3 h6 10. Re1 O-O 11. h3 Ne7 12. Nbd2 Ng6 13. Nf1 Re8 14. Ng3 d5 15. Be3 Bxe3
16. Rxe3 c5 17. Bc2 Qb6 18. Re1 Rad8 19. Qc1 Bc8 20. axb5 axb5 21. Qe3 Qc7 22.
Ne2 Be6 23. Nh2 d4 24. cxd4 cxd4 25. Qd2 Ra8 26. Rec1 Qd6 27. Nf1 Nh4 28. Kh1 g5
29. Bd1 b4 30. Ng1 b3 31. Ra5 Nd7 32. Rca1 Rxa5 33. Qxa5 Nc5 34. Be2 Ng6 35. Rc1
Rc8 36. g3 Kg7 37. Ra1 Rc6 38. Qd2 Ra6 39. Qc1 Ra2 40. Rb1 Na4 41. Nd2 Qc5 42.
Qxc5 Nxc5 43. Kg2 Na4 44. Bd1 Nxb2 45. Bxb3 Bxb3 46. Nxb3 Nxd3 47. Rf1 Rb2 48.
Na5 Rc2 49. Nf3 Nc5 50. Re1 f6 51. Kg1 h5 52. Nh2 d3 53. Kg2 Nxe4 0-1

[Event "Tata Steel Challengers"]
[Site "Wijk aan Zee NED"]
[Date "2026.01.25"]
[Round "8.3"]
[White "Ivic, Velimir"]
[Black "Roebers, Eline"]
[Result "1-0"]
[WhiteTitle "GM"]
[BlackTitle "IM"]
[WhiteElo "2638"]
[BlackElo "2398"]
[WhiteFideId "950122"]
[BlackFideId "1058401"]
[EventDate "2026.01.17"]

1. c4 e6 2. Nc3 d5 3. d4 c6 4. cxd5 exd5 5. Bf4 Bd6 6. Bxd6 Qxd6 7. e3 Bf5 8.
Nf3 Nf6 9. Nh4 Bg4 10. Qb3 Nbd7 11. h3 Be6 12. Bd3 O-O 13. O-O c5 14. Qa3 Rfc8
15. Nf3 Qb6 16. Rfc1 cxd4 17. exd4 h6 18. Rc2 Rc6 19. Rac1 Rac8 20. Na4 Rxc2 21.
Rxc2 Qd8 22. Nc5 Nxc5 23. dxc5 a5 24. Nd4 Bd7 25. b4 axb4 26. Qxb4 Qe7 27. Qxb7
Qe1+ 28. Bf1 Re8 29. c6 Bc8 30. Qb2 Ne4 31. Rc1 Qa5 32. c7 1-0

[Event "Tata Steel Challengers"]
[Site "Wijk aan Zee NED"]
[Date "2026.01.25"]
[Round "8.4"]
[White "Ivanchuk, Vasyl"]
[Black "Warmerdam, Max"]
[Result "1-0"]
[WhiteTitle "GM"]
[BlackTitle "GM"]
[WhiteElo "2605"]
[BlackElo "2576"]
[WhiteFideId "14100010"]
[BlackFideId "1048104"]
[EventDate "2026.01.17"]

1. e4 c5 2. Nf3 d6 3. d4 cxd4 4. Nxd4 Nf6 5. Nc3 a6 6. Be3 e5 7. Nb3 Be7 8. f3
Be6 9. Qd2 h5 10. a4 O-O 11. Be2 d5 12. exd5 Nxd5 13. Nxd5 Qxd5 14. Qxd5 Bxd5
15. O-O-O Bxb3 16. cxb3 h4 17. Kb1 Nc6 18. Rd7 Rab8 19. Bb6 Rfe8 20. Bc4 Kf8 21.
Rhd1 Rec8 22. g3 Ke8 23. R7d5 Bf6 24. f4 exf4 25. gxf4 Ne7 26. Rd7 Kf8 27. a5 g6
28. R1d6 Kg7 29. Ba7 Ra8 30. Rxb7 Rd8 31. Bc5 Rxd6 32. Bxd6 Re8 33. b4 h3 34. b5
Rc8 35. Bb3 Ng8 36. Rxf7+ Kh6 37. b6 Rd8 38. b7 Rxd6 39. b8=Q Rd2 40. Bc4 Rxh2
41. Qf8+ Kh5 42. Rh7+ Kg4 43. Qc8+ 1-0

[Event "Tata Steel Challengers"]
[Site "Wijk aan Zee NED"]
[Date "2026.01.25"]
[Round "8.5"]
[White "Yuffa, Daniil"]
[Black "Panesar, Vedant"]
[Result "1/2-1/2"]
[WhiteTitle "GM"]
[BlackTitle "FM"]
[WhiteElo "2604"]
[BlackElo "2406"]
[WhiteFideId "24131423"]
[BlackFideId "35033018"]
[EventDate "2026.01.17"]

1. Nf3 d5 2. g3 Nf6 3. Bg2 e6 4. O-O Be7 5. d3 O-O 6. Nc3 c5 7. e4 Nc6 8. a4 d4
9. Nb1 e5 10. Na3 Bg4 11. Bd2 Nd7 12. Qe1 a6 13. a5 Nb4 14. Bxb4 cxb4 15. Nc4
Qc7 16. Nfd2 b5 17. axb6 Nxb6 18. f4 Nxc4 19. Nxc4 Be6 20. Nxe5 f6 21. Nf3 Qxc2
22. e5 Rae8 23. exf6 Bxf6 24. Qd2 b3 25. Rfc1 Qxd2 26. Nxd2 Rc8 27. Rc6 Rxc6 28.
Bxc6 g5 29. Rxa6 gxf4 30. gxf4 Bh4 31. Ba4 Bg4 32. Bxb3+ Kh8 33. Ne4 Rxf4 34.
Ra8+ Kg7 35. Rg8+ Kh6 36. Ng3 Bg5 37. Bd5 Rf6 38. Rxg5 Kxg5 39. Ne4+ Kf5 40.
Nxf6 Kxf6 41. Kf2 Ke5 42. Be4 h6 43. b4 Bd7 44. Bh7 Bb5 45. Ke2 h5 46. Bg8 h4
47. Bc4 Bc6 48. Ba6 Kd6 49. Kd2 Kc7 50. Bc4 Kb6 51. Kc2 Ba4+ 52. Kb2 Bd1 53. Be6
Be2 54. Bf5 Bd1 55. Bd7 Kc7 56. Be8 Kb6 57. Kc1 Bb3 58. Kd2 Ka6 59. Ke2 Bd5 60.
Kd1 Bb3+ 61. Kd2 Kb6 62. Kc1 Ka6 63. Bd7 Kb6 64. Kd2 Kc7 65. Be8 Kb6 66. Ke2 Bd5
67. Kf2 Ka6 68. b5+ Kb6 69. Bc6 Bb3 70. Kf3 Bc2 71. Ke4 Kc5 72. Be8 Bb1 73. Bg6
Bc2 74. b6 Kxb6 75. Kxd4 Kc6 76. Ke5 Kd7 77. Bf5+ Ke7 78. d4 Bb3 79. Be4 Be6 80.
Bg2 Bd7 81. Bf3 Be6 82. Be4 Bd7 83. Bf5 Bb5 84. Be6 Ba4 85. Bc8 Kd8 86. Bb7 Kc7
87. Bf3 Kb6 88. Kf4 Kb5 89. Kg4 Kc4 90. d5 h3 91. Kf5 Kd4 92. d6 Ke3 93. Bd1 Bb5
94. Bg4 Kf2 95. Kg5 Kg2 96. Kh4 Kxh2 97. Bxh3 Ba4 98. Bf5 Kg2 99. Kg4 Kf2 100.
Kf4 Bb5 101. Bd3 Bc6 102. Bc4 Bd7 103. Ba6 Ba4 104. Bb7 Bb5 105. Ke4 Kg3 106.
Kd5 Bd7 107. Bc6 Bg4 108. Ke5 Kf2 109. Be4 Bd7 110. Bf5 Ba4 111. Bc2 Bb5 112.
Bd3 Ba4 113. Kf4 Bc6 114. Be4 Ba4 115. Bf3 Bb5 116. Bb7 Ba4 117. Ba6 Bc6 118.
Bc4 Ba4 119. Bf7 Bb5 120. Bh5 Ba4 121. Bd1 Bb5 122. Ke4 Ke1 123. Bg4 Kd2 124.
Kd4 Ba4 125. Bc8 Be8 126. Ba6 Bd7 127. Kc5 Kc3 128. Bf1 Bf5 129. Bb5 Bg4 130.
Be8 Bf5 131. Bf7 Bd7 132. Kb6 Kd4 133. Kc7 Bf5 134. Bg6 Bg4 135. Be8 Kc5 136.
Bd7 Be2 137. Ba4 Bg4 138. Bb3 Bf5 139. d7 Bxd7 1/2-1/2

[Event "Tata Steel Challengers"]
[Site "Wijk aan Zee NED"]
[Date "2026.01.25"]
[Round "8.6"]
[White "L'Ami, Erwin"]
[Black "Assaubayeva, Bibisara"]
[Result "0-1"]
[WhiteTitle "GM"]
[BlackTitle "GM"]
[WhiteElo "2634"]
[BlackElo "2497"]
[WhiteFideId "1007998"]
[BlackFideId "13708694"]
[EventDate "2026.01.17"]

1. e4 c5 2. Nf3 d6 3. d4 cxd4 4. Nxd4 Nf6 5. Nc3 a6 6. Bg5 e6 7. f4 h6 8. Bh4
Qb6 9. a3 Nbd7 10. Bf2 Qc7 11. Qf3 b5 12. O-O-O Rb8 13. Bd3 b4 14. axb4 Rxb4 15.
Rhe1 Be7 16. Nd5 exd5 17. exd5 Nb8 18. h3 h5 19. Re2 Ra4 20. Kb1 Qa5 21. Nb3
Qxd5 22. Qg3 Kf8 23. Rxe7 Kxe7 24. Re1+ Kf8 25. Qe3 g6 26. Bxg6 Bf5 27. Bxf5
Qxf5 28. g4 hxg4 29. hxg4 Qxf4 30. Qe7+ Kg7 31. Be3 Nc6 32. Qc7 Qg3 0-1

[Event "Tata Steel Challengers"]
[Site "Wijk aan Zee NED"]
[Date "2026.01.25"]
[Round "8.7"]
[White "Maurizzi, MarcAndria"]
[Black "Lu, Miaoyi"]
[Result "1-0"]
[WhiteTitle "GM"]
[BlackTitle "IM"]
[WhiteElo "2611"]
[BlackElo "2431"]
[WhiteFideId "36083534"]
[BlackFideId "8618020"]
[EventDate "2026.01.17"]

1. d4 e6 2. c4 b6 3. e4 Bb4+ 4. Bd2 Bxd2+ 5. Qxd2 d5 6. cxd5 exd5 7. Bd3 Nc6 8.
Ne2 dxe4 9. Bxe4 Bb7 10. Nbc3 Nf6 11. Bf3 O-O 12. O-O-O Rb8 13. g4 Ne7 14. d5 c6
15. d6 Ned5 16. g5 Ne8 17. Nxd5 cxd5 18. Bxd5 Nxd6 19. Nc3 Qc8 20. Bxb7 Nxb7 21.
Rhe1 Qf5 22. h4 g6 23. b3 Qc5 24. Kb1 Qf5+ 25. Kb2 Qa5 26. Qf4 Nc5 27. b4 Qa6
28. Nd5 f6 29. Nxf6+ Kh8 30. Re7 Rb7 31. Rxb7 Na4+ 32. Kb3 Qxb7 33. Kxa4 Qf7 34.
Ka3 a5 35. Kb2 1-0